Microsoft word 6 made easy

Bibliographic Details
Main Author: Hoffman, Paul
Format: Book
Published: Berkeley : Osborne McGraw-Hill , 1993
Subjects:

MARC

LEADER 00000cam a2200000 7i4500
001 0000004375
002 000004702
005 20000330.0
020 |a 0078819393 
090 0 0 |a 652.5   |b HOF 
100 1 |a Hoffman, Paul 
245 1 0 |a Microsoft word 6 made easy   |c paul Hooffman 
260 |a Berkeley :   |b Osborne McGraw-Hill ,   |c 1993 
300 |a 298p. ;   |c 24cm. 
650 0 0 |a Word processing 
999 |a 032937   |b BUKU   |c PINJAMAN   |e PERPUSTAKAAN KOMUNITI PETALING JAYA 
999 |a 032938   |b BUKU   |c PINJAMAN   |e PERPUSTAKAAN KOMUNITI PETALING JAYA